[Event "Wch Seniors 22nd"]
[Site "Kamena Vourla"]
[Date "2012.11.24"]
[Round "11"]
[White "Frick, Christoph"]
[Black "Sinelnikov, Igor"]
[Result "1-0"]
[WhiteElo "2264"]
[BlackElo "2090"]
[PlyCount "71"]
[EventDate "2012.11.13"]
[EventType "swiss"]
[EventRounds "11"]
[EventCountry "GRE"]
[SourceTitle "CBM 151 Extra"]
[Source "ChessBase"]
[SourceDate "2012.12.18"]
[SourceVersion "1"]
[SourceVersionDate "2012.12.18"]
[SourceQuality "1"]

1. e4 d6 2. Nc3 g6 3. d4 Bg7 4. f4 Nf6 5. Nf3 0-0 6. Bd3 Bg4 7. h3 Bxf3 8. Qxf3 Nc6 9. Be3 e5 10. dxe5 dxe5 11. f5 Nd4 12. Qf2 c5 13. g4 gxf5 14. gxf5 Kh8 15. 0-0-0 b5 16. Bxb5 Rb8 17. Bc4 Qb6 18. b3 Qa5 19. Rd3 Qa3+ 20. Kb1 Rb4 21. Ka1 Rfb8 22. Bc1 Qa5 23. Bb2 Rxc4 24. bxc4 Qb4 25. Rb1 Qxc4 26. Rg1 Qb4 27. Nd1 Nxe4 28. Qg2 Nxf5 29. Rb3 Ned6 30. a3 Qxb3 31. cxb3 h6 32. Ka2 c4 33. b4 Bf6 34. Nc3 Ne3 35. Qf3 Ndf5 36. Ne4 1-0

[Event "Wch Seniors 22nd"]
[Site "Kamena Vourla"]
[Date "2012.11.19"]
[Round "7"]
[White "Gamboa Gonzalez, Anibal"]
[Black "Sinelnikov, Igor"]
[Result "1-0"]
[WhiteElo "2174"]
[BlackElo "2090"]
[PlyCount "101"]
[EventDate "2012.11.13"]
[EventType "swiss"]
[EventRounds "11"]
[EventCountry "GRE"]
[SourceTitle "CBM 151 Extra"]
[Source "ChessBase"]
[SourceDate "2012.12.18"]
[SourceVersion "1"]
[SourceVersionDate "2012.12.18"]
[SourceQuality "1"]

1. c4 Nf6 2. Nc3 g6 3. g3 Bg7 4. Bg2 e5 5. Nf3 d6 6. d4 exd4 7. Qxd4 0-0 8. 0-0 Re8 9. Qh4 Bf5 10. Bg5 c6 11. Nd4 Nbd7 12. Nxf5 gxf5 13. Bh3 Qa5 14. Rad1 Ne4 15. Nxe4 Rxe4 16. Qh5 Nf8 17. Rxd6 Qe5 18. Rd2 f4 19. Qf3 Ng6 20. e3 Rxc4 21. Bxf4 Qa5 22. Rfd1 Rc1 23. Rd7 Rxd1+ 24. Qxd1 Qxa2 25. Rxb7 a5 26. b3 Nxf4 27. gxf4 Qa1 28. Qxa1 Bxa1 29. Bg2 Rc8 30. Bf1 Kg7 31. Bc4 Rf8 32. Kg2 Bc3 33. Rc7 Bb4 34. Rxc6 Re8 35. Kf3 Re7 36. f5 f6 37. Be6 Be1 38. Ke2 Bb4 39. f4 Ra7 40. Kf3 Be7 41. e4 a4 42. bxa4 Rxa4 43. Rc7 Kf8 44. e5 h5 45. exf6 Bd8 46. Rf7+ Ke8 47. Kg3 Ra3+ 48. Kh4 Rc3 49. Kxh5 Rc7 50. Rxc7 Bxc7 51. Kg5 1-0

[Event "Wch Seniors 21st"]
[Site "Rijeka"]
[Date "2011.11.24"]
[Round "9"]
[White "Sinelnikov, Igor"]
[Black "Wittmann, Walter"]
[Result "0-1"]
[WhiteElo "2162"]
[BlackElo "2269"]
[PlyCount "80"]
[EventDate "2011.11.15"]
[EventType "swiss"]
[EventRounds "11"]
[EventCountry "CRO"]
[SourceTitle "CBM 145 Extra"]
[Source "ChessBase"]
[SourceDate "2012.01.03"]
[SourceVersion "1"]
[SourceVersionDate "2012.01.03"]
[SourceQuality "1"]

1. e4 c5 2. Nc3 Nc6 3. g3 g6 4. Bg2 Bg7 5. Nge2 d6 6. 0-0 e6 7. d3 Nge7 8. Be3 Nd4 9. Qd2 0-0 10. Nf4 Rb8 11. h4 b5 12. Nd1 e5 13. Nd5 Nxd5 14. exd5 Nf5 15. c3 Bd7 16. b4 Nxe3 17. Qxe3 Rc8 18. Rb1 a5 19. Qd2 f5 20. Re1 Rf7 21. Bh3 Qc7 22. Re2 h5 23. bxa5 Qxa5 24. c4 b4 25. f3 Kh7 26. Rg2 Bh6 27. Qe2 Rcf8 28. Nf2 Qd8 29. Rh2 Qf6 30. Kh1 Kh8 31. Rg1 Qe7 32. g4 Bf4 33. Rgg2 Bxh2 34. Rxh2 fxg4 35. fxg4 hxg4 36. Nxg4 Rf3 37. Qe4 Kg7 38. h5 Qg5 39. h6+ Kh8 40. h7 Qc1+ 0-1

[Event "EU-ch Seniors 11th"]
[Site "Courmayeur"]
[Date "2011.04.12"]
[Round "7"]
[White "Strutinskaya, Galina N"]
[Black "Sinelnikov, Igor"]
[Result "1-0"]
[WhiteElo "2269"]
[BlackElo "2190"]
[PlyCount "81"]
[EventDate "2011.04.06"]
[EventType "swiss"]
[EventRounds "9"]
[EventCountry "ITA"]
[SourceTitle "CBM 141 Extra"]
[Source "ChessBase"]
[SourceDate "2011.05.03"]
[SourceVersion "1"]
[SourceVersionDate "2011.05.03"]
[SourceQuality "1"]

1. d4 d6 2. e4 Nf6 3. Nc3 g6 4. Be3 Bg7 5. Qd2 Nc6 6. d5 Ne5 7. h3 c6 8. dxc6 bxc6 9. Be2 Be6 10. b3 Qa5 11. Rd1 0-0 12. Nf3 Nxf3+ 13. Bxf3 Nd7 14. Na4 Qxd2+ 15. Bxd2 Ne5 16. Be2 c5 17. 0-0 f5 18. Bg5 Rf7 19. exf5 gxf5 20. f4 Ng6 21. Bh5 Re8 22. Rfe1 Bd7 23. Nxc5 dxc5 24. Rxd7 e5 25. Rxf7 Kxf7 26. fxe5 Bxe5 27. Kf1 a6 28. Re3 Re6 29. Rd3 Rd6 30. Be2 a5 31. Bd8 a4 32. bxa4 Bd4 33. Bc7 Rc6 34. Bg3 f4 35. Rf3 Rf6 36. Bf2 Ke6 37. Rb3 Ke5 38. a5 Bxf2 39. Kxf2 Kd4 40. a6 c4 41. Ra3 1-0

[Event "EU-ch Seniors 09th"]
[Site "Rogaska Slatina"]
[Date "2009.07.29"]
[Round "8"]
[White "Nickl, Klaus"]
[Black "Sinelnikov, Igor"]
[Result "1/2-1/2"]
[WhiteElo "2150"]
[BlackElo "2227"]
[PlyCount "97"]
[EventDate "2009.07.22"]
[EventType "swiss"]
[EventRounds "9"]
[EventCountry "SLO"]
[SourceTitle "CBM 131 Extra"]
[Source "ChessBase"]
[SourceDate "2009.09.03"]
[SourceVersion "2"]
[SourceVersionDate "2009.09.16"]
[SourceQuality "1"]

1. d4 g6 2. c4 Bg7 3. Nc3 d6 4. Nf3 Nf6 5. e4 0-0 6. Be2 Nbd7 7. 0-0 e5 8. d5 Nc5 9. Qc2 a5 10. Bg5 h6 11. Bh4 g5 12. Bg3 Nh5 13. Ne1 Nf4 14. Nd3 b6 15. b3 Bd7 16. f3 f5 17. Rae1 h5 18. Bxf4 exf4 19. Nxc5 bxc5 20. exf5 Bxf5 21. Bd3 Bxd3 22. Qxd3 Qf6 23. Nb5 Qf7 24. Re6 a4 25. Rfe1 axb3 26. axb3 Bf6 27. Qf5 Bd4+ 28. Nxd4 Qxf5 29. Nxf5 Rxf5 30. Re8+ Rf8 31. Rxa8 Rxa8 32. Re7 Ra7 33. h4 gxh4 34. Kh2 Ra1 35. Rxc7 h3 36. gxh3 Ra2+ 37. Kg1 Rb2 38. Rb7 Kf8 39. Rd7 Rxb3 40. Rxd6 Rxf3 41. Rc6 Rxh3 42. Rxc5 Ke7 43. Rc6 h4 44. Re6+ Kd7 45. c5 Rc3 46. c6+ Kc7 47. Rf6 Rd3 48. Rf7+ Kc8 49. Rxf4 1/2-1/2

[Event "EU-ch Seniors 09th"]
[Site "Rogaska Slatina"]
[Date "2009.07.27"]
[Round "6"]
[White "White, Alastair F"]
[Black "Sinelnikov, Igor"]
[Result "1/2-1/2"]
[WhiteElo "2114"]
[BlackElo "2227"]
[PlyCount "54"]
[EventDate "2009.07.22"]
[EventType "swiss"]
[EventRounds "9"]
[EventCountry "SLO"]
[SourceTitle "CBM 131 Extra"]
[Source "ChessBase"]
[SourceDate "2009.09.03"]
[SourceVersion "2"]
[SourceVersionDate "2009.09.16"]
[SourceQuality "1"]

1. e4 d6 2. d4 Nf6 3. Nc3 g6 4. f4 Bg7 5. Nf3 0-0 6. Bd3 Bg4 7. h3 Bxf3 8. Qxf3 Nc6 9. Be3 e5 10. Ne2 exd4 11. Nxd4 Nb4 12. 0-0 c5 13. Nb5 a6 14. Nxd6 Qxd6 15. e5 Qc7 16. exf6 Bxf6 17. Be4 Bxb2 18. Rab1 Bf6 19. a3 Nc6 20. Rxb7 Qxb7 21. Bxc6 Qa7 22. Bxa8 Rxa8 23. f5 Re8 24. fxg6 hxg6 25. Qxf6 Rxe3 26. Qd8+ Kg7 27. Qf6+ Kg8 1/2-1/2

[Event "Moscow op-B"]
[Site "Moscow"]
[Date "2009.02.05"]
[Round "6"]
[White "Sinelnikov, Igor"]
[Black "Eliseev, Urii"]
[Result "0-1"]
[WhiteElo "2158"]
[BlackElo "2249"]
[PlyCount "64"]
[EventDate "2009.01.31"]
[EventType "swiss"]
[EventRounds "9"]
[EventCountry "RUS"]
[SourceTitle "EXT 2012"]
[Source "ChessBase"]
[SourceDate "2011.11.24"]
[SourceVersion "1"]
[SourceVersionDate "2011.11.24"]
[SourceQuality "1"]

1. e4 e5 2. Nf3 Nc6 3. Bc4 Bc5 4. 0-0 Nf6 5. c3 Nxe4 6. d4 d5 7. Bb5 exd4 8. cxd4 Bd6 9. Nc3 0-0 10. Nxe4 dxe4 11. Bxc6 bxc6 12. Ng5 Qe7 13. Re1 f5 14. f3 h6 15. Nh3 Qf7 16. Bf4 Bxf4 17. Nxf4 g5 18. Nh3 exf3 19. gxf3 Be6 20. Nf2 Bd5 21. Nd3 Kh8 22. Ne5 Qg7 23. Rc1 Rf6 24. Qa4 h5 25. Rc3 Rg8 26. Qxa7 f4 27. h3 g4 28. fxg4 hxg4 29. Nxg4 Rg6 30. Kh2 Qh7 31. Rg1 Rxg4 32. Rxg4 Rxg4 0-1

[Event "Moscow op-B"]
[Site "Moscow"]
[Date "2009.02.04"]
[Round "5"]
[White "Sinelnikov, Igor"]
[Black "Pletnev, Evgeniy"]
[Result "1-0"]
[WhiteElo "2158"]
[BlackElo "2246"]
[PlyCount "35"]
[EventDate "2009.01.31"]
[EventType "swiss"]
[EventRounds "9"]
[EventCountry "RUS"]
[SourceTitle "EXT 2012"]
[Source "ChessBase"]
[SourceDate "2011.11.24"]
[SourceVersion "1"]
[SourceVersionDate "2011.11.24"]
[SourceQuality "1"]

1. e4 Nc6 2. Nf3 d5 3. exd5 Qxd5 4. Nc3 Qa5 5. Bb5 Bd7 6. 0-0 0-0-0 7. a3 e5 8. d3 a6 9. Bxc6 Bxc6 10. Bg5 e4 11. b4 Qf5 12. dxe4 Rxd1 13. Raxd1 Qxg5 14. Nxg5 Nh6 15. Nd5 Bd6 16. f4 f6 17. Ne6 Rg8 18. e5 1-0

[Event "Moscow op-B 04th"]
[Site "Moscow"]
[Date "2008.02.07"]
[Round "6"]
[White "Sinelnikov, Igor"]
[Black "Haroutjunian, Dmitri"]
[Result "0-1"]
[WhiteElo "2171"]
[BlackElo "2268"]
[PlyCount "56"]
[EventDate "2008.02.02"]
[EventType "swiss"]
[EventRounds "9"]
[EventCountry "RUS"]
[SourceTitle "CBM 122 Extra"]
[Source "ChessBase"]
[SourceDate "2008.03.04"]
[SourceVersion "1"]
[SourceVersionDate "2008.03.04"]
[SourceQuality "1"]

1. e4 c5 2. Nf3 d6 3. Nc3 Nf6 4. g3 Nc6 5. Bg2 e5 6. 0-0 Be7 7. d3 0-0 8. Bg5 Be6 9. Nh4 Nd4 10. f4 exf4 11. gxf4 Ng4 12. f5 Bxg5 13. Qxg4 Bxh4 14. fxe6 Nxe6 15. Nd5 Qg5 16. Qh3 Qh6 17. c3 Bg5 18. Qg3 Rad8 19. Bh3 Bh4 20. Qf3 Ng5 21. Qg4 Nxh3+ 22. Qxh3 Bg5 23. Qg2 Rde8 24. Rf3 Bd8 25. Kh1 c4 26. Ne3 Qe6 27. Nxc4 d5 28. exd5 Qxd5 0-1

[Event "Moscow op-B 04th"]
[Site "Moscow"]
[Date "2008.02.06"]
[Round "5"]
[White "Hamidullin, Aydar"]
[Black "Sinelnikov, Igor"]
[Result "1/2-1/2"]
[WhiteElo "2277"]
[BlackElo "2171"]
[PlyCount "72"]
[EventDate "2008.02.02"]
[EventType "swiss"]
[EventRounds "9"]
[EventCountry "RUS"]
[SourceTitle "CBM 122 Extra"]
[Source "ChessBase"]
[SourceDate "2008.03.04"]
[SourceVersion "1"]
[SourceVersionDate "2008.03.04"]
[SourceQuality "1"]

1. e4 d6 2. d4 g6 3. Nc3 Bg7 4. Be2 Nf6 5. h4 h5 6. Nf3 0-0 7. Ng5 Nc6 8. Be3 Ng4 9. Bxg4 Bxg4 10. f3 Bd7 11. Ne2 e5 12. c3 exd4 13. cxd4 d5 14. e5 f6 15. exf6 Qxf6 16. Qb3 Qd6 17. Ne4 Qb4+ 18. N4c3 Rae8 19. Kd2 Rxe3 20. Kxe3 Re8+ 21. Kf2 Bxd4+ 22. Kf1 Qxb3 23. axb3 Be6 24. Nxd4 Nxd4 25. Rxa7 Rb8 26. Kf2 Nxb3 27. Rd1 d4 28. Ne2 c5 29. Nc1 Kf7 30. Nxb3 Bxb3 31. Rc1 c4 32. Ke1 Ke6 33. Kd2 Kd5 34. Rca1 Kc5 35. Re1 Kb6 36. Raa1 Kc5 1/2-1/2

[Event "Moscow op-B 04th"]
[Site "Moscow"]
[Date "2008.02.05"]
[Round "4"]
[White "Maidanova, Irina"]
[Black "Sinelnikov, Igor"]
[Result "0-1"]
[WhiteElo "1871"]
[BlackElo "2171"]
[PlyCount "70"]
[EventDate "2008.02.02"]
[EventType "swiss"]
[EventRounds "9"]
[EventCountry "RUS"]
[SourceTitle "CBM 122 Extra"]
[Source "ChessBase"]
[SourceDate "2008.03.04"]
[SourceVersion "1"]
[SourceVersionDate "2008.03.04"]
[SourceQuality "1"]

1. e4 d6 2. d4 Nf6 3. Nc3 g6 4. Bf4 Bg7 5. Qd2 0-0 6. Nf3 Bg4 7. Be2 Nbd7 8. e5 Nh5 9. Bh6 c5 10. h3 Bxf3 11. Bxf3 cxd4 12. Ne4 Bxh6 13. Qxh6 Qa5+ 14. Kd1 Qxe5 15. g4 Qg7 16. Qd2 Nhf6 17. Ng3 Ne5 18. Be2 Nc6 19. Qe1 Nd5 20. Bf3 Nf4 21. Bxc6 bxc6 22. Qxe7 d3 23. c3 Qe5 24. Qxe5 dxe5 25. Kd2 f5 26. gxf5 gxf5 27. f3 Rab8 28. b3 c5 29. h4 Rb7 30. Rae1 Rg7 31. Rhg1 Nh3 32. Rg2 f4 33. Rh1 Rxg3 34. Rxg3+ fxg3 35. Rxh3 Rxf3 0-1

[Event "Eforie Nord op"]
[Site "Eforie Nord"]
[Date "2002.??.??"]
[Round "5"]
[White "Sinelnikov, Igor"]
[Black "Erzhanov, Arman"]
[Result "1/2-1/2"]
[WhiteElo "2118"]
[BlackElo "2217"]
[PlyCount "65"]
[EventDate "2002.??.??"]
[EventType "swiss"]
[EventRounds "11"]
[EventCountry "ROU"]
[SourceTitle "EXT 2003"]
[Source "ChessBase"]
[SourceDate "2002.11.25"]
[SourceVersion "1"]
[SourceVersionDate "2002.11.25"]
[SourceQuality "1"]

1. e4 c5 2. Nf3 Nc6 3. d4 cxd4 4. Nxd4 Nf6 5. Nc3 e5 6. Nb3 Bb4 7. Bc4 0-0 8. 0-0 d6 9. Nd5 Nxe4 10. Qf3 Qh4 11. Nc7 Rb8 12. Bd5 Ng5 13. Bxg5 Qxg5 14. c3 Bc5 15. Na6 bxa6 16. Bxc6 Be6 17. Nxc5 dxc5 18. b3 Rfd8 19. Rad1 Rd2 20. h4 Qh6 21. Rxd2 Qxd2 22. h5 Rd8 23. Be4 Qf4 24. Rd1 Rd2 25. Qe2 Rxd1+ 26. Qxd1 g6 27. Bf3 Kg7 28. g3 Qf5 29. Qe2 a5 30. Qe3 gxh5 31. Be4 Qg4 32. Bf3 Qf5 33. Be4 1/2-1/2